El principio de proporcionalidad en derecho penal

Bibliographic Details
Main Author: Aguado Correa, Teresa
Format: Unknown
Language:Spanish
Published: [Madrid] : Edersa, D.L. 1999
Series:Monografa̕s (Edersa)
Subjects:
Online Access:Acceso restringido

MARC

LEADER 00000ny a22000003n 4500
005 20110622145335.0
008 030121s1999 sp s 000 0 spa c
017 |a D.L.M.24745-1999 
020 |a 8471309440 
035 |a 1308 
040 |a UMA.DER  |d vLex 
040 |a UMA.RE  |d vLex 
080 |a 343.2 
090 |c 1023  |d 1023 
100 1 |a Aguado Correa, Teresa 
245 1 3 |a El principio de proporcionalidad en derecho penal  |h [Recurso electrn̤ico]  |c Teresa Aguado Correa 
256 |a Servicio en ln̕ea 
260 |a [Madrid] :  |b Edersa,  |c D.L. 1999 
300 |a 493 p. ;  |c 22 cm 
504 |a Bibliogr.: p. [473]-493 
506 1 |a Contenido solo disponible en los productos indicados  |d vLex Global  |d vLex Global (Academic Edition, excluding Law Schools)  |d vLex Global (U.S. Academic Edition, Law Schools)  |d vLex Global (U.S. Academic Edition, excluding Law Schools)  |d vLex Global (Academic Edition, Law Schools) 
650 0 7 |2 Tesauro vLex  |a Penal 
650 0 7 |2 Tesauro vLex  |a Principio de proporcionalidad de la pena 
650 0 7 |2 Tesauro vLex  |a Derecho penal 
740 0 |a vLex Libros (Servicios en ln̕ea) 
830 0 |a Monografa̕s (Edersa) 
856 4 0 |z Acceso restringido  |u http://vlex.com/source/1308 
942 |c BOOK